Vista normal
Vista MARC
Entrada Uniform Title
Número de registros utilizados en: 1
001 - CONTROL NUMBER
- control field: 44623
003 - CONTROL NUMBER IDENTIFIER
- control field: OSt
005 - DATE AND TIME OF LATEST TRANSACTION
- control field: 20260422103141.0
008 - FIXED-LENGTH DATA ELEMENTS
- fixed length control field: 260422|| aca||aabn | a|a d
040 ## - CATALOGING SOURCE
- Original cataloging agency: OSt
- Transcribing agency: OSt
130 ## - HEADING--UNIFORM TITLE
- Uniform title: Ley 1751 de 2015
- General subdivision: Crítica textual
670 ## - SOURCE DATA FOUND
- Source citation: Work cat.: (OSt)31178: Cortés González, Juan Carlos, autor 23641, Ley estatutaria de salud :